[Event "4NCL/Div2/SLOS1 vs. HKF1"]
[Site "West Bromwich ENG"]
[Date "2004.11.20"]
[Round "3.2"]
[White "Wells, Peter K"]
[Black "Kogan, Artur"]
[Result "1/2-1/2"]
[WhiteElo "2504"]
[BlackElo "2590"]
[PlyCount "36"]
[EventDate "2004.11.20"]
[SourceDate "2004.09.21"]

1. d4 Nf6 2. c4 e6 3. Nc3 Bb4 4. f3 d5 5. a3 Bxc3+ 6. bxc3 c5 7. cxd5 Nxd5 8.
dxc5 O-O 9. e4 Ne7 10. Qxd8 Rxd8 11. Bf4 Nec6 12. Bc7 Rd7 13. Bd6 b6 14. Bb5
Ba6 15. Ba4 Rb7 16. Rb1 bxc5 17. Rxb7 Bxb7 18. Ne2 Nd7 1/2-1/2

[Event "4NCL/Div2/SLOS1 vs. HKF1"]
[Site "West Bromwich ENG"]
[Date "2004.11.20"]
[Round "3.3"]
[White "Nyback, Tomi"]
[Black "Summerscale, Aaron"]
[Result "1-0"]
[WhiteElo "2554"]
[BlackElo "2483"]
[PlyCount "77"]
[EventDate "2004.11.20"]
[SourceDate "2004.09.21"]

1. d4 Nf6 2. c4 e5 3. dxe5 Ng4 4. Bf4 Nc6 5. Nf3 Bb4+ 6. Nbd2 Qe7 7. a3 Ngxe5
8. Nxe5 Nxe5 9. e3 Bxd2+ 10. Qxd2 d6 11. Be2 O-O 12. b4 Re8 13. O-O Bf5 14.
Rfd1 Rad8 15. Qc3 f6 16. c5 d5 17. b5 c6 18. a4 Rc8 19. Rac1 Red8 20. Qd4 b6
21. bxc6 Nxc6 22. Qb2 bxc5 23. Ba6 Nb4 24. Bxc8 Rxc8 25. Qa3 a5 26. Kh1 h5 27.
f3 Qb7 28. Qb2 Qc6 29. Qe2 Qxa4 30. e4 dxe4 31. fxe4 Bg4 32. Qc4+ Kh7 33. Rd6
Qe8 34. h3 Bd7 35. e5 fxe5 36. Qe4+ Kh8 37. Bxe5 Nc6 38. Rh6+ Kg8 39. Qh7+ 1-0

[Event "4NCL/Div2/SLOS1 vs. HKF1"]
[Site "West Bromwich ENG"]
[Date "2004.11.20"]
[Round "3.4"]
[White "Arkell, Keith C"]
[Black "Pert, Nicholas"]
[Result "1/2-1/2"]
[WhiteElo "2489"]
[BlackElo "2501"]
[PlyCount "27"]
[EventDate "2004.11.20"]
[SourceDate "2004.09.21"]

1. c4 Nf6 2. Nc3 e5 3. g3 Bb4 4. Bg2 O-O 5. e3 Bxc3 6. bxc3 Re8 7. e4 c6 8. Ne2
d5 9. exd5 cxd5 10. cxd5 Nxd5 11. O-O Nc6 12. Rb1 Rb8 13. Qc2 Bg4 14. Qe4
1/2-1/2

[Event "4NCL/Div2/SLOS1 vs. HKF1"]
[Site "West Bromwich ENG"]
[Date "2004.11.20"]
[Round "3.5"]
[White "Adly, Ahmed"]
[Black "Prie, Eric"]
[Result "1-0"]
[WhiteElo "2482"]
[BlackElo "2439"]
[PlyCount "77"]
[EventDate "2004.11.20"]
[SourceDate "2004.09.21"]

1. d4 d5 2. c4 c6 3. Nc3 Nf6 4. Nf3 a6 5. e3 b5 6. b3 Bg4 7. h3 Bxf3 8. Qxf3 e5
9. cxb5 Bb4 10. Bd2 axb5 11. Qd1 exd4 12. exd4 Bxc3 13. Bxc3 Ne4 14. Bd2 O-O
15. Be2 Qf6 16. Be3 Re8 17. Qc1 c5 18. Bxb5 cxd4 19. O-O dxe3 20. fxe3 Qe7 21.
Bxe8 Qxe8 22. Rd1 Nf6 23. Qc3 Nbd7 24. a4 Rc8 25. Qd4 Ne5 26. Rdc1 Rb8 27. Rc3
Nc6 28. Qf4 Rd8 29. Rac1 Ne5 30. Qf5 Ned7 31. a5 g6 32. Qf4 Ne4 33. Rc7 Ne5 34.
Qh4 g5 35. Qh6 Nd3 36. R1c6 Qe5 37. Rc8 Re8 38. a6 Nf6 39. Qxf6 1-0

[Event "4NCL/Div2/SLOS1 vs. HKF1"]
[Site "West Bromwich ENG"]
[Date "2004.11.20"]
[Round "3.6"]
[White "Berzinsh, Roland"]
[Black "Hoang, Thanh Trang"]
[Result "1-0"]
[WhiteElo "2458"]
[BlackElo "2474"]
[PlyCount "119"]
[EventDate "2004.11.20"]
[SourceDate "2004.09.21"]

1. e4 c5 2. Nf3 Nc6 3. d4 cxd4 4. Nxd4 Nf6 5. Nc3 e5 6. Ndb5 d6 7. Bg5 a6 8.
Na3 b5 9. Nd5 Be7 10. Bxf6 Bxf6 11. c3 O-O 12. Nc2 Bg5 13. a4 bxa4 14. Rxa4 a5
15. Bc4 Rb8 16. b3 Kh8 17. h4 Bh6 18. Nce3 Bxe3 19. Nxe3 Ne7 20. O-O f5 21.
exf5 Nxf5 22. Nxf5 Bxf5 23. Qd5 Bd7 24. Ra2 a4 25. bxa4 Qxh4 26. Bb5 Qe7 27.
Bxd7 Qxd7 28. Rd1 Rf6 29. a5 Qb7 30. a6 Qxd5 31. Rxd5 Kg8 32. a7 Ra8 33. Rb5
Rf7 34. Rb8+ Rf8 35. Rxa8 Rxa8 36. c4 Kf7 37. Kf1 Ke6 38. Ke2 Kd7 39. Ra6 Kc7
40. Kd3 Kb7 41. Rxd6 Kxa7 42. Rd7+ Kb6 43. Rxg7 Ra2 44. Ke3 Ra3+ 45. Ke4 Ra2
46. f3 Kc5 47. Kxe5 Kxc4 48. Rxh7 Kd3 49. g4 Ke3 50. Rf7 Ra5+ 51. Ke6 Kf2 52.
Rf5 Ra6+ 53. Kf7 Ra7+ 54. Kg6 Kg3 55. g5 Ra6+ 56. Rf6 Ra1 57. Kh6 Rh1+ 58. Kg7
Rh5 59. g6 Kh4 60. Kf7 1-0

[Event "4NCL/Div2/SLOS1 vs. HKF1"]
[Site "West Bromwich ENG"]
[Date "2004.11.20"]
[Round "3.7"]
[White "Jones, Gawain C B"]
[Black "Greet, Andrew N"]
[Result "0-1"]
[WhiteElo "2447"]
[BlackElo "2362"]
[PlyCount "80"]
[EventDate "2004.11.20"]
[SourceDate "2004.09.21"]

1. e4 c5 2. Nf3 Nc6 3. Bb5 Nf6 4. Bxc6 dxc6 5. Nc3 Nd7 6. e5 Nb6 7. Ne4 Qd5 8.
Nc3 Qd8 9. h3 Bf5 10. d3 c4 11. d4 e6 12. Bg5 Qc7 13. Nh4 h6 14. Nxf5 hxg5 15.
Ng3 O-O-O 16. Nge4 Be7 17. Qd2 f6 18. exf6 gxf6 19. O-O-O e5 20. Qe3 f5 21. Nc5
Qd6 22. Rhe1 e4 23. g4 Nd5 24. Nxd5 cxd5 25. gxf5 Rdf8 26. Rg1 Rxf5 27. Rg3 b6
28. Na4 Qd7 29. Nc3 Bd6 30. Kb1 Bxg3 31. Qxg3 Qc7 32. Qg4 Qf4 33. Nxd5 Qxg4 34.
Ne7+ Kd7 35. hxg4 Rxf2 36. Nf5 Rhh2 37. Rc1 b5 38. a4 b4 39. Ne3 b3 40. Rg1 Re2
0-1

[Event "4NCL/Div2/SLOS1 vs. HKF1"]
[Site "West Bromwich ENG"]
[Date "2004.11.20"]
[Round "3.8"]
[White "Houska, Jovanka"]
[Black "Czakon, Jakub"]
[Result "1/2-1/2"]
[WhiteElo "2298"]
[BlackElo "2416"]
[PlyCount "66"]
[EventDate "2004.11.20"]
[SourceDate "2004.09.21"]

1. e4 g6 2. d4 Bg7 3. Nf3 d6 4. Be2 Nf6 5. Nc3 O-O 6. O-O c6 7. a4 a5 8. h3
Nbd7 9. Be3 e5 10. dxe5 dxe5 11. Qd6 Nh5 12. Nd2 Qh4 13. Nf3 Qf6 14. Qxf6 Bxf6
15. Rfd1 Be7 16. Rd2 f6 17. Bc4+ Kh8 18. Be6 Nc5 19. Bxc8 Raxc8 20. Bxc5 Bxc5
21. Rd7 Rb8 22. Rad1 Nf4 23. Nd2 Bd4 24. Kf1 Ne6 25. Nb3 Nc5 26. Nxc5 Bxc5 27.
Ke2 Kg8 28. Na2 Rf7 29. Nc1 Rbf8 30. Rxf7 Rxf7 31. Rd8+ Kg7 32. Nb3 Bb6 33. Ra8
Rf8 1/2-1/2

[Event "4NCL/Div2/WWKS1 vs. WGR3"]
[Site "West Bromwich ENG"]
[Date "2004.11.20"]
[Round "3.1"]
[White "Dighton, Simon"]
[Black "Sowray, Peter J"]
[Result "0-1"]
[WhiteElo "2243"]
[BlackElo "2342"]
[PlyCount "90"]
[EventDate "2004.11.20"]
[SourceDate "2004.09.21"]

1. e4 e5 2. Nf3 Nc6 3. Bb5 a6 4. Ba4 Nf6 5. O-O Be7 6. Re1 b5 7. Bb3 O-O 8. h3
Bb7 9. d3 d6 10. a3 Nb8 11. Nbd2 Nbd7 12. Nf1 h6 13. Ng3 Re8 14. Nf5 Bf8 15.
Nh2 d5 16. exd5 Nc5 17. Ba2 Bxd5 18. Ng4 Bxa2 19. Rxa2 Nxg4 20. Qxg4 Kh7 21. b4
Na4 22. Bd2 Qd5 23. Raa1 Qe6 24. Ne3 Rad8 25. Qf5+ Qg6 26. Qxg6+ Kxg6 27. Ng4
f6 28. Re2 h5 29. Nh2 Re6 30. f4 Rc6 31. fxe5 Rxc2 32. exf6 Rxd3 33. Nf3 gxf6
34. Rf1 Nc3 35. Nh4+ Kf7 36. Bxc3 Rxe2 37. Bxf6 Ke6 38. Nf3 Kd5 39. Rc1 Bd6 40.
Bd8 c6 41. Bb6 Bg3 42. Ba7 Rc2 43. Ra1 Rxa3 44. Rd1+ Kc4 45. Nd4 Rd3 0-1

[Event "4NCL/Div2/WWKS1 vs. WGR3"]
[Site "West Bromwich ENG"]
[Date "2004.11.20"]
[Round "3.2"]
[White "Tan, Desmond"]
[Black "Hynes, Anthony"]
[Result "1-0"]
[WhiteElo "2332"]
[BlackElo "2247"]
[PlyCount "99"]
[EventDate "2004.11.20"]
[SourceDate "2004.09.21"]

1. e4 e5 2. Nf3 Nc6 3. Bb5 f5 4. Nc3 fxe4 5. Nxe4 d5 6. Nxe5 dxe4 7. Nxc6 Qg5
8. Qe2 Nf6 9. f4 Qh4+ 10. g3 Qh3 11. Ne5+ c6 12. Bc4 Bc5 13. c3 Bf5 14. d4 exd3
15. Nxd3+ Be7 16. Bd2 O-O-O 17. O-O-O Ne4 18. Nf2 Nxf2 19. Qxf2 b6 20. Rhe1 Bf6
21. Be3 Kc7 22. Bd4 Qh6 23. a4 c5 24. Bxc5 Bxc3 25. bxc3 Qc6 26. Bb5 Rxd1+ 27.
Rxd1 Qxc5 28. Qxc5+ bxc5 29. Rd5 g6 30. Rxc5+ Kd6 31. Rc6+ Kd5 32. Kd2 Rd8 33.
Ke3 Re8+ 34. Kf2 Re7 35. Rc4 h5 36. Rd4+ Kc5 37. Rd8 Kb6 38. Rd5 Bc2 39. a5+
Kb7 40. Rd6 Be4 41. c4 Bf5 42. c5 Kc7 43. a6 Be4 44. Rf6 Kd8 45. h3 Kc7 46. g4
hxg4 47. hxg4 Rh7 48. Ke3 Bb1 49. Kd4 Re7 50. Bd3 1-0

[Event "4NCL/Div2/WWKS1 vs. WGR3"]
[Site "West Bromwich ENG"]
[Date "2004.11.20"]
[Round "3.3"]
[White "Shephard, Chris C W"]
[Black "Grant, Jonathan"]
[Result "0-1"]
[WhiteElo "2275"]
[BlackElo "2272"]
[PlyCount "92"]
[EventDate "2004.11.20"]
[SourceDate "2004.09.21"]

1. c4 Nf6 2. Nc3 c5 3. Nf3 e6 4. d4 cxd4 5. Qxd4 Nc6 6. Qd3 d5 7. e3 Bd6 8. Be2
O-O 9. O-O Qe7 10. cxd5 Nb4 11. Qd2 Nbxd5 12. Nxd5 Nxd5 13. Bc4 Rd8 14. Qe2 Nb6
15. Bb3 e5 16. e4 h6 17. Be3 Bg4 18. Rfd1 Nd7 19. h3 Bh5 20. g4 Bg6 21. Nd2 Nc5
22. Bd5 Ne6 23. Nc4 Nf4 24. Qf3 Nxd5 25. Rxd5 Bc7 26. Bc5 Qe6 27. Ne3 Qc6 28.
Rad1 Rxd5 29. Rxd5 Rd8 30. Ba3 Qc1+ 31. Kg2 Qb1 32. Nf5 Qxa2 33. Ne7+ Kh7 34.
Nxg6 fxg6 35. Rxd8 Bxd8 36. Qd3 Bh4 37. Qe3 Qc4 38. Kf3 Qf1 39. Qxa7 Qxh3+ 40.
Ke2 Qxg4+ 41. Kd3 Qd1+ 42. Kc4 Qd7 43. Qc5 Qf7+ 44. Qd5 Qxf2 45. Qxe5 Qc2+ 46.
Kb5 Qb3+ 0-1

[Event "4NCL/Div2/WWKS1 vs. WGR3"]
[Site "West Bromwich ENG"]
[Date "2004.11.20"]
[Round "3.4"]
[White "Gilbert, Jessie"]
[Black "Fishburne, Stewart K"]
[Result "1/2-1/2"]
[WhiteElo "2138"]
[BlackElo "2190"]
[PlyCount "68"]
[EventDate "2004.11.20"]
[SourceDate "2004.09.21"]

1. d4 g6 2. c4 Bg7 3. Nc3 d6 4. e4 e5 5. d5 f5 6. exf5 gxf5 7. Qh5+ Kf8 8. Bg5
Nf6 9. Qh4 h6 10. Bd2 c6 11. f4 Qe7 12. fxe5 dxe5 13. g3 Nbd7 14. dxc6 bxc6 15.
Bg2 Nc5 16. Bxc6 Bb7 17. Nd5 Nxd5 18. cxd5 Qxh4 19. gxh4 Bxc6 20. dxc6 Nd3+ 21.
Ke2 e4 22. Rf1 Ke7 23. Rxf5 Rhf8 24. Rxf8 Rxf8 25. Be3 Rc8 26. Bxa7 Rxc6 27.
Nh3 Ra6 28. Rg1 Bf6 29. Be3 Rxa2 30. Bxh6 Rxb2+ 31. Ke3 Rxh2 32. Ng5 Rxh4 33.
Nxe4 Rxh6 34. Kxd3 Rh3+ 1/2-1/2

[Event "4NCL/Div2/WWKS1 vs. WGR3"]
[Site "West Bromwich ENG"]
[Date "2004.11.20"]
[Round "3.5"]
[White "Baruch, Andrew J D"]
[Black "Hasman, Cengiz"]
[Result "1/2-1/2"]
[WhiteElo "2090"]
[BlackElo "2153"]
[PlyCount "86"]
[EventDate "2004.11.20"]
[SourceDate "2004.09.21"]

1. e4 Nf6 2. e5 Nd5 3. d4 d6 4. c4 Nb6 5. exd6 cxd6 6. Nc3 g6 7. Be3 Bg7 8. Rc1
O-O 9. b3 f5 10. g3 h6 11. Qd2 Kh7 12. Nf3 e5 13. dxe5 dxe5 14. Qxd8 Rxd8 15.
c5 N6d7 16. Nd5 Nc6 17. Nc7 Rb8 18. h4 Nf6 19. Nb5 Be6 20. Bc4 Bxc4 21. Rxc4
Ng4 22. Ke2 Nxe3 23. fxe3 Rd7 24. Rd1 Rbd8 25. Rxd7 Rxd7 26. h5 Bf8 27. Nh4
gxh5 28. Nxf5 Kg6 29. Nbd6 Ne7 30. Nxe7+ Bxe7 31. Nc8 Rc7 32. Nxe7+ Rxe7 33. c6
bxc6 34. Rxc6+ Kg5 35. Kd3 Kg4 36. Ke4 Kxg3 37. Rg6+ Kh3 38. Rxh6 h4 39. b4 Kg3
40. Rg6+ Kh2 41. a4 h3 42. b5 Rh7 43. Rg4 Re7 1/2-1/2

[Event "4NCL/Div2/WWKS1 vs. WGR3"]
[Site "West Bromwich ENG"]
[Date "2004.11.20"]
[Round "3.6"]
[White "Maduekwe, Chiedu"]
[Black "Hunt, Malcolm A"]
[Result "1-0"]
[WhiteElo "2142"]
[BlackElo "2153"]
[PlyCount "43"]
[EventDate "2004.11.20"]
[SourceDate "2004.09.21"]

1. d4 d5 2. c4 c6 3. Nf3 Nf6 4. Nc3 a6 5. e3 b5 6. b3 Bg4 7. Be2 Nbd7 8. h3 Bh5
9. O-O e6 10. Bb2 Bd6 11. c5 Bc7 12. Ne5 Bxe2 13. Nxe2 Nxe5 14. dxe5 Nd7 15. f4
O-O 16. Nd4 Nb8 17. Qg4 Qd7 18. f5 Bxe5 19. f6 Bxf6 20. Rxf6 e5 21. Nf5 g6 22.
Bxe5 1-0

[Event "4NCL/Div2/WWKS1 vs. WGR3"]
[Site "West Bromwich ENG"]
[Date "2004.11.20"]
[Round "3.7"]
[White "Lloyd, Alan D"]
[Black "Cutmore, David A"]
[Result "1/2-1/2"]
[WhiteElo "2140"]
[BlackElo "2092"]
[PlyCount "84"]
[EventDate "2004.11.20"]
[SourceDate "2004.09.21"]

1. c4 d6 2. Nc3 e5 3. g3 f5 4. Bg2 Nf6 5. d3 Be7 6. e3 O-O 7. Nge2 c6 8. O-O a5
9. Rb1 Na6 10. d4 Qe8 11. d5 Bd7 12. a3 c5 13. e4 Qg6 14. f3 fxe4 15. Nxe4 Nxe4
16. fxe4 Bg4 17. Rxf8+ Rxf8 18. Qe1 Qh5 19. Nc3 Bf3 20. Be3 Bxg2 21. Kxg2 Nc7
22. b4 axb4 23. axb4 b6 24. bxc5 bxc5 25. Rb7 Bd8 26. Qe2 Qg6 27. Bd2 Na6 28.
Nb5 Nb4 29. Rd7 Nc2 30. Rxd6 Qf7 31. Rxd8 Rxd8 32. Bg5 Rf8 33. Nd6 Qg6 34. Be7
Nd4 35. Qb2 Ra8 36. Qf2 h5 37. Nf5 Nxf5 38. exf5 Qg4 39. d6 Qe4+ 40. Kh3 Qg4+
41. Kg2 Qe4+ 42. Kh3 Qg4+ 1/2-1/2

[Event "4NCL/Div2/WWKS1 vs. WGR3"]
[Site "West Bromwich ENG"]
[Date "2004.11.20"]
[Round "3.8"]
[White "Cutmore, Martin J"]
[Black "Chevannes, Sabrina"]
[Result "0-1"]
[WhiteElo "2030"]
[BlackElo "2090"]
[PlyCount "78"]
[EventDate "2004.11.20"]
[SourceDate "2004.09.21"]

1. d4 d5 2. c4 c6 3. Nf3 Nf6 4. Nc3 e6 5. Bg5 Be7 6. e3 Nbd7 7. Rc1 O-O 8. Bd3
dxc4 9. Bxc4 Nd5 10. Bxe7 Qxe7 11. O-O Nxc3 12. Rxc3 e5 13. d5 cxd5 14. Bxd5
Nf6 15. e4 Kh8 16. Qb3 Nxd5 17. Qxd5 f6 18. Rfc1 Be6 19. Qa5 b6 20. Qb5 Rac8
21. a4 Rxc3 22. Rxc3 Qb7 23. Qb4 Rc8 24. Nd2 Qd7 25. h3 Rxc3 26. Qxc3 Qxa4 27.
Qc7 h6 28. Nf3 Qxe4 29. Qxa7 Qb1+ 30. Kh2 Qxb2 31. Qa8+ Kh7 32. Qe4+ Kh8 33.
Qa8+ Bg8 34. Nh4 Qc2 35. Qb8 Qe4 36. g3 Kh7 37. Qxb6 Bd5 38. f3 Qe2+ 39. Kg1
Bxf3 0-1

[Event "4NCL/Div2/MIN1 vs. SWD1"]
[Site "West Bromwich ENG"]
[Date "2004.11.20"]
[Round "3.1"]
[White "McFarland, Robert S"]
[Black "Cooper, John G"]
[Result "0-1"]
[WhiteElo "2282"]
[BlackElo "2346"]
[PlyCount "142"]
[EventDate "2004.11.20"]
[SourceDate "2004.09.21"]

1. Nf3 d5 2. g3 c5 3. Bg2 Nc6 4. O-O e5 5. d3 Nf6 6. e4 d4 7. Nbd2 Bd6 8. Nc4
Bc7 9. a4 Bg4 10. h3 Be6 11. Qe2 O-O 12. Ng5 Bd7 13. Bd2 h6 14. Nf3 Qc8 15. Kh2
Nh7 16. Ng1 f5 17. f4 exf4 18. Bxf4 fxe4 19. Qxe4 Nf6 20. Qe2 Bxf4 21. Rxf4 Qc7
22. Raf1 Rae8 23. Qd2 Ne7 24. Rxf6 Rxf6 25. Rxf6 gxf6 26. Qxh6 Qxg3+ 27. Kxg3
Nf5+ 28. Kf2 Nxh6 29. Bxb7 Bxa4 30. b3 Bd7 31. Nd6 Re5 32. Nf3 Rh5 33. h4 Kg7
34. Ne4 Ng4+ 35. Ke2 Ne5 36. Ng3 Rh8 37. Nxe5 fxe5 38. Ne4 Rxh4 39. Nxc5 Rh2+
40. Kd1 Bf5 41. Kc1 Kf6 42. Bd5 Ke7 43. Ne4 Bg4 44. Bc4 Bf3 45. Nd2 Bc6 46. b4
Rg2 47. Nb3 Kd6 48. Kb2 Bd5 49. Bb5 Rg8 50. Ka3 Rc8 51. Na1 e4 52. dxe4 Bxe4
53. Ba4 Ke5 54. Kb2 Rc4 55. Ka3 Rc3+ 56. Kb2 Rg3 57. Ka2 Rg2 58. Kb1 Kd6 59.
Bb3 Bd5 60. Ba4 Bc4 61. Kc1 Bd5 62. Nb3 Ke5 63. Nc5 Bc4 64. Nb3 Rf2 65. Na5 Bd5
66. Nc6+ Bxc6 67. Bxc6 Rf6 68. Be8 Kd5 69. Kb2 Kc4 70. b5 Kb4 71. Kb1 Kc3 0-1

[Event "4NCL/Div2/MIN1 vs. SWD1"]
[Site "West Bromwich ENG"]
[Date "2004.11.20"]
[Round "3.2"]
[White "Cobb, James E"]
[Black "Radovanovic, Jovica"]
[Result "0-1"]
[WhiteElo "2346"]
[BlackElo "2288"]
[PlyCount "60"]
[EventDate "2004.11.20"]
[SourceDate "2004.09.21"]

1. d4 Nf6 2. Nf3 g6 3. g3 Bg7 4. Bg2 O-O 5. O-O d6 6. Nc3 c6 7. e4 Bg4 8. Re1
Qc8 9. Bg5 h6 10. Be3 Kh7 11. Qd2 Na6 12. e5 dxe5 13. Nxe5 Bh3 14. Bh1 Nc7 15.
a4 a5 16. Ra3 Be6 17. Qe2 Ncd5 18. Bd2 Nb4 19. Bc1 Bf5 20. Ne4 Qe6 21. c3 Bxe4
22. Bxe4 Nxe4 23. Qxe4 Nd5 24. c4 Nb4 25. Rf3 Rad8 26. Be3 c5 27. Qh4 Nc2 28.
Bxh6 Nxe1 29. Re3 Bxh6 30. Nxf7 Qxe3 0-1

[Event "4NCL/Div2/MIN1 vs. SWD1"]
[Site "West Bromwich ENG"]
[Date "2004.11.20"]
[Round "3.3"]
[White "Richards, Heather"]
[Black "Jones, Richard S"]
[Result "1-0"]
[WhiteElo "2197"]
[BlackElo "2297"]
[PlyCount "87"]
[EventDate "2004.11.20"]
[SourceDate "2004.09.21"]

1. e4 c5 2. c3 Nf6 3. e5 Nd5 4. Nf3 e6 5. d4 cxd4 6. cxd4 d6 7. Bc4 Nc6 8. O-O
Be7 9. Qe2 O-O 10. Qe4 Bd7 11. Bd3 f5 12. exf6 Nxf6 13. Qe2 Qa5 14. Nc3 Rae8
15. Rd1 d5 16. Be3 Bd6 17. Rac1 e5 18. dxe5 Nxe5 19. Nxe5 Bxe5 20. Nxd5 Nxd5
21. Rc5 Qb4 22. Rxd5 Bg4 23. f3 Bf4 24. Rd4 Bxe3+ 25. Qxe3 Qxb2 26. Bc4+ Kh8
27. Rf4 Bc8 28. Rxf8+ Rxf8 29. Qxa7 Qb4 30. Qd4 h6 31. Qd6 Qxd6 32. Rxd6 Kh7
33. Kf2 Bf5 34. Rb6 Be4 35. Re6 Bc6 36. Re7 Rd8 37. Ke3 Rd1 38. Rc7 Kg6 39. h4
Rg1 40. h5+ Kh7 41. Bf7 Rxg2 42. Bg6+ Rxg6 43. hxg6+ Kxg6 44. Rxc6+ 1-0

[Event "4NCL/Div2/MIN1 vs. SWD1"]
[Site "West Bromwich ENG"]
[Date "2004.11.20"]
[Round "3.4"]
[White "Dineley, Richard D P"]
[Black "Kafka, Graeme"]
[Result "1-0"]
[WhiteElo "2299"]
[BlackElo "2122"]
[PlyCount "65"]
[EventDate "2004.11.20"]
[SourceDate "2004.09.21"]

1. e4 c5 2. Nf3 d6 3. d4 cxd4 4. Nxd4 Nf6 5. Nc3 g6 6. Be3 Bg7 7. f3 Nc6 8. Qd2
O-O 9. Bc4 Bd7 10. O-O-O Rb8 11. h4 Na5 12. Bb3 b5 13. h5 e5 14. hxg6 exd4 15.
Bxf7+ Rxf7 16. gxf7+ Kxf7 17. Qxd4 Nc4 18. Bh6 Bh8 19. Bg5 Qg8 20. f4 Bc6 21.
Qd3 Nxb2 22. Qxd6 Nxd1 23. Qxc6 Qc8 24. Qxc8 Rxc8 25. Nxd1 Nxe4 26. Rxh7+ Kg6
27. Rxa7 Bd4 28. Ra6+ Kf5 29. Ra5 Nd6 30. a4 Rh8 31. axb5 Rh1 32. b6+ Kg4 33.
Rd5 1-0

[Event "4NCL/Div2/MIN1 vs. SWD1"]
[Site "West Bromwich ENG"]
[Date "2004.11.20"]
[Round "3.5"]
[White "Hagesaether, Arne"]
[Black "Blackburn, Jonathan L B"]
[Result "1-0"]
[WhiteElo "2170"]
[BlackElo "2179"]
[PlyCount "67"]
[EventDate "2004.11.20"]
[SourceDate "2004.09.21"]

1. e4 e6 2. d4 d5 3. Nc3 Bb4 4. e5 c5 5. Bd2 Ne7 6. Nb5 Bxd2+ 7. Qxd2 cxd4 8.
Nd6+ Kf8 9. Nf3 Nf5 10. Nxf5 exf5 11. Bd3 Nc6 12. O-O h6 13. Nxd4 g6 14. Nxc6
bxc6 15. Qc3 Qb6 16. e6 d4 17. Qa3+ c5 18. c3 Bxe6 19. cxd4 Qb4 20. dxc5 Qxa3
21. bxa3 Ke7 22. Rfc1 Rhb8 23. Rc2 Kd7 24. Ba6 Kc7 25. f3 Rd8 26. Rb1 Rab8 27.
Rb4 Rd1+ 28. Kf2 Rxb4 29. axb4 Ra1 30. Ke3 Bxa2 31. Bd3 Be6 32. Rb2 Kc6 33. Kd4
a6 34. Bxa6 1-0

[Event "4NCL/Div2/MIN1 vs. SWD1"]
[Site "West Bromwich ENG"]
[Date "2004.11.20"]
[Round "3.6"]
[White "James, David J"]
[Black "Muter, Donny"]
[Result "1-0"]
[WhiteElo "2236"]
[BlackElo "2113"]
[PlyCount "55"]
[EventDate "2004.11.20"]
[SourceDate "2004.09.21"]

1. Nf3 d6 2. d4 Bg4 3. Nbd2 Nd7 4. b3 c5 5. d5 Ngf6 6. c4 Qa5 7. Bb2 e5 8. dxe6
fxe6 9. g3 Ne4 10. h3 Bxf3 11. exf3 Nxd2 12. Qxd2 Qxd2+ 13. Kxd2 Kf7 14. f4 Nb8
15. Be2 Rg8 16. Bf3 Nc6 17. f5 g6 18. fxe6+ Ke7 19. Bd5 Bg7 20. Bxg7 Rxg7 21.
f4 Rf8 22. Rhf1 Nd8 23. Rae1 h5 24. Re2 g5 25. f5 Rf6 26. Kc3 g4 27. h4 Nc6 28.
Bxc6 1-0

[Event "4NCL/Div2/MIN1 vs. SWD1"]
[Site "West Bromwich ENG"]
[Date "2004.11.20"]
[Round "3.7"]
[White "Almond, Richard"]
[Black "Zeidler, Sven P"]
[Result "0-1"]
[WhiteElo "2158"]
[BlackElo "2182"]
[PlyCount "100"]
[EventDate "2004.11.20"]
[SourceDate "2004.09.21"]

1. d4 f5 2. g3 Nf6 3. Bg2 g6 4. c4 Bg7 5. Nc3 d6 6. Nf3 O-O 7. O-O Nc6 8. d5
Na5 9. Qd3 c5 10. b3 Ne4 11. Bb2 b5 12. cxb5 a6 13. Nd2 Nxc3 14. Bxc3 Bxc3 15.
Qxc3 axb5 16. b4 Nb7 17. e4 Bd7 18. e5 cxb4 19. Qd4 Nc5 20. Nb3 Qb6 21. Qh4
Rae8 22. e6 Bc8 23. Qxb4 f4 24. Nd4 Nd3 25. Qc3 Ne5 26. Nf3 b4 27. Qb3 fxg3 28.
hxg3 Ba6 29. Nxe5 dxe5 30. a3 Bxf1 31. Rxf1 Rb8 32. Qxb4 Qxb4 33. axb4 Rxb4 34.
Re1 Rb2 35. f3 Rc8 36. f4 Rcc2 37. Be4 Re2 38. Rxe2 Rxe2 39. Bf3 Re3 40. Kf2
exf4 41. gxf4 Rc3 42. Be4 Kg7 43. Ke2 Kf6 44. Kd2 Ra3 45. Ke2 h6 46. Kf2 g5 47.
fxg5+ hxg5 48. Bf3 Ke5 49. Bh1 Rd3 50. Ke2 Rxd5 0-1

[Event "4NCL/Div2/MIN1 vs. SWD1"]
[Site "West Bromwich ENG"]
[Date "2004.11.20"]
[Round "3.8"]
[White "Blackburn, Suzie"]
[Black "Horton, Justin"]
[Result "0-1"]
[WhiteElo "2055"]
[BlackElo "2091"]
[PlyCount "76"]
[EventDate "2004.11.20"]
[SourceDate "2004.09.21"]

1. d4 d5 2. Nf3 Nf6 3. Bg5 c6 4. Nbd2 h6 5. Bf4 Bf5 6. e3 e6 7. c4 Nbd7 8. Qb3
Qc8 9. Bd3 Ne4 10. Bxe4 dxe4 11. Ne5 f6 12. Nxd7 Qxd7 13. c5 e5 14. dxe5 O-O-O
15. Nc4 fxe5 16. Bxe5 Bxc5 17. O-O Qe7 18. Rfd1 Be6 19. Qc3 Bxc4 20. Bxg7 Rxd1+
21. Rxd1 Rg8 22. Bf6 Qe6 23. g3 Be2 24. Rd2 Bf3 25. Qb3 Qxb3 26. axb3 Rg6 27.
Bc3 Rd6 28. Rxd6 Bxd6 29. h3 h5 30. Kf1 Kd7 31. Ke1 Ke6 32. Kd2 Be5 33. Bb4
Bxb2 34. Kc2 Be5 35. Kd2 Kd5 36. Bf8 Bd6 37. Bg7 Bb4+ 38. Kc2 Be1 0-1

[Event "4NCL/Div2/NWE2 vs. KHE"]
[Site "Nottingham ENG"]
[Date "2005.01.22"]
[Round "5.1"]
[White "Kennaugh, Charles W"]
[Black "McMichael, Richard"]
[Result "0-1"]
[WhiteElo "2281"]
[BlackElo "2272"]
[PlyCount "92"]
[EventDate "2005.01.22"]
[SourceDate "2004.09.21"]

1. e4 e6 2. d4 d5 3. Nc3 Bb4 4. e5 c5 5. Bd2 a6 6. Qg4 Kf8 7. O-O-O cxd4 8.
Nce2 Bxd2+ 9. Rxd2 Nc6 10. f4 Qa5 11. a3 Nge7 12. Nf3 Nf5 13. Nexd4 Ncxd4 14.
Nxd4 Nxd4 15. Rxd4 Qe1+ 16. Rd1 Qe3+ 17. Kb1 Bd7 18. Bd3 h5 19. Qh4 Qc5 20.
Rhf1 Rc8 21. h3 Rh6 22. Rc1 Qe7 23. Qf2 h4 24. Qa7 Bb5 25. Qb6 Bc4 26. b3 Bb5
27. a4 Be8 28. Ka2 Kg8 29. Qd4 b5 30. axb5 Bxb5 31. Kb2 Qc7 32. Qb4 Rb8 33. Qd2
Qc5 34. Ra1 Rc8 35. Bxb5 axb5 36. Ra5 Rg6 37. Rfa1 Rg3 38. Ra8 Rxa8 39. Rxa8+
Kh7 40. Ra1 d4 41. Rd1 d3 42. cxd3 Qd5 43. Re1 Rxd3 44. Qc2 g6 45. Re2 Qd4+ 46.
Ka3 Rd1 0-1

[Event "4NCL/Div2/NWE2 vs. KHE"]
[Site "Nottingham ENG"]
[Date "2005.01.22"]
[Round "5.2"]
[White "Thomas, Richard H"]
[Black "Hague, Ben"]
[Result "0-1"]
[WhiteElo "2232"]
[BlackElo "2264"]
[PlyCount "66"]
[EventDate "2005.01.22"]
[SourceDate "2004.09.21"]

1. d4 g6 2. c4 Bg7 3. Nc3 d6 4. e4 f5 5. Nf3 Nh6 6. Be2 O-O 7. e5 Nf7 8. Bf4
Na6 9. h4 c5 10. exd6 cxd4 11. dxe7 Qxe7 12. Nd5 Qc5 13. O-O Be6 14. b4 Nxb4
15. Nc7 Rae8 16. Nxe8 Rxe8 17. a3 Nc6 18. Bd3 Bxc4 19. Rc1 b5 20. Re1 Nce5 21.
Nxe5 Bxe5 22. Bxe5 Rxe5 23. f4 Re3 24. Bxc4 Rxe1+ 25. Qxe1 bxc4 26. Qb4 Qxb4
27. axb4 Nd6 28. Kf1 Kf7 29. Ra1 Ke6 30. Rxa7 d3 31. Ra5 c3 32. Re5+ Kf6 33.
Ke1 c2 0-1

[Event "4NCL/Div2/NWE2 vs. KHE"]
[Site "Nottingham ENG"]
[Date "2005.01.22"]
[Round "5.3"]
[White "Coates, Kenneth G"]
[Black "Guthrie, David"]
[Result "0-1"]
[WhiteElo "2197"]
[BlackElo "2170"]
[PlyCount "126"]
[EventDate "2005.01.22"]
[SourceDate "2004.09.21"]

1. e4 e5 2. Nf3 Nc6 3. Bb5 a6 4. Ba4 Nf6 5. O-O Nxe4 6. d4 b5 7. Bb3 d5 8. dxe5
Be6 9. Qe2 Be7 10. Rd1 O-O 11. c4 bxc4 12. Bxc4 Bc5 13. Be3 Bxe3 14. Qxe3 Qb8
15. Bb3 Na5 16. Nbd2 Qa7 17. Qxa7 Rxa7 18. Rac1 Nxd2 19. Rxd2 Nxb3 20. axb3 Rc8
21. Rc5 Rb7 22. Nd4 Kf8 23. f4 g6 24. Kf2 Ke7 25. h3 h5 26. Kg3 Rb6 27. Kh4 c6
28. Kg5 Bd7 29. Rd3 Rh8 30. Kh4 f6 31. Rd2 g5+ 32. Kg3 h4+ 33. Kf3 fxe5 34.
fxe5 Rf8+ 35. Ke3 Rf4 36. e6 Be8 37. Rdc2 Kd6 38. R5c3 Re4+ 39. Kd3 Rxd4+ 40.
Kxd4 Rb4+ 41. Kd3 Bg6+ 42. Kd2 Bxc2 43. Kxc2 Re4 44. g3 Rxe6 45. gxh4 gxh4 46.
Rf3 Re2+ 47. Kc1 Rh2 48. b4 Re2 49. Ra3 Re4 50. Rxa6 Rxb4 51. Kc2 Rf4 52. Ra3
Rf2+ 53. Kb1 c5 54. Ra6+ Ke5 55. Rh6 Rf4 56. Rh5+ Ke4 57. Kc2 c4 58. Rh8 d4 59.
Re8+ Kf3 60. Rg8 Re4 61. b4 Re2+ 62. Kc1 Ke3 63. b5 Kd3 0-1